Guess who's coming to dinner (Record no. 285040)
[ view plain ]
| 000 -LEADER | |
|---|---|
| fixed length control field | 06518cgm a2201237Ia 4500 |
| 001 - CONTROL NUMBER | |
| control field | ocn156915599 |
| 003 - CONTROL NUMBER IDENTIFIER | |
| control field | OCoLC |
| 005 - DATE AND TIME OF LATEST TRANSACTION | |
| control field | 20200320193018.0 |
| 007 - PHYSICAL DESCRIPTION FIXED FIELD--GENERAL INFORMATION | |
| fixed length control field | vd cvaizq |
| 008 - FIXED-LENGTH DATA ELEMENTS--GENERAL INFORMATION | |
| fixed length control field | 070723p20081967cau107 vleng d |
| 019 ## - | |
| -- | 610255590 |
| 020 ## - INTERNATIONAL STANDARD BOOK NUMBER | |
| International Standard Book Number | 1424869005 |
| 020 ## - INTERNATIONAL STANDARD BOOK NUMBER | |
| International Standard Book Number | 9781424869008 |
| 020 ## - INTERNATIONAL STANDARD BOOK NUMBER | |
| Terms of availability | 15.95 |
| 024 1# - OTHER STANDARD IDENTIFIER | |
| Standard number or code | 043396211001 |
| 024 1# - OTHER STANDARD IDENTIFIER | |
| Standard number or code | 043396221291 |
| 024 1# - OTHER STANDARD IDENTIFIER | |
| Standard number or code | 00043396211001 |
| 028 42 - PUBLISHER NUMBER | |
| Publisher number | 21100 |
| Source | Sony Pictures Home Entertainment |
| 028 42 - PUBLISHER NUMBER | |
| Publisher number | 22129 |
| Source | Sony Pictures Home Entertainment |
| 029 1# - (OCLC) | |
| OCLC library identifier | AU@ |
| System control number | 000046704475 |
| 035 ## - SYSTEM CONTROL NUMBER | |
| System control number | (OCoLC)156915599 |
| Canceled/invalid control number | (OCoLC)610255590 |
| 037 ## - SOURCE OF ACQUISITION | |
| Source of stock number/acquisition | Midwest Tape |
| Note | http://www.midwesttapes.com |
| 040 ## - CATALOGING SOURCE | |
| Original cataloging agency | TEFMT |
| Language of cataloging | eng |
| Transcribing agency | TEFMT |
| Modifying agency | BTCTA |
| -- | OCLCQ |
| -- | RCS |
| -- | VP@ |
| -- | YDXCP |
| -- | IHI |
| -- | LRU |
| -- | OCLCA |
| -- | TEF |
| -- | MVQ |
| -- | SEA |
| -- | HBP |
| -- | OCLCQ |
| -- | UCW |
| -- | OCLCQ |
| -- | BDX |
| -- | LMR |
| -- | TXI |
| -- | OCLCO |
| -- | ROPUB |
| -- | OCLCF |
| -- | P4I |
| -- | WACOL |
| 041 1# - LANGUAGE CODE | |
| Language code of text/sound track or separate title | eng |
| -- | fre |
| -- | spa |
| -- | eng |
| -- | fre |
| -- | spa |
| Language code of original and/or intermediate translations of text | eng |
| 049 ## - LOCAL HOLDINGS (OCLC) | |
| Holding library | WACL |
| 050 14 - LIBRARY OF CONGRESS CALL NUMBER | |
| Classification number | PN1995.9.M45 |
| Item number | G8477 2008 |
| 082 04 - DEWEY DECIMAL CLASSIFICATION NUMBER | |
| Classification number | 791.43/72 |
| Edition number | 22 |
| 092 ## - LOCALLY ASSIGNED DEWEY CALL NUMBER (OCLC) | |
| Classification number | DVD |
| Item number | Gue |
| 245 00 - TITLE STATEMENT | |
| Title | Guess who's coming to dinner |
| Medium | [videorecording] / |
| Statement of responsibility, etc | Columbia Pictures Corporation presents a Stanley Kramer production ; written by William Rose ; produced and directed by Stanley Kramer. |
| 246 1# - VARYING FORM OF TITLE | |
| Display text | At head of title: |
| Title proper/short title | Columbia Pictures presents |
| 250 ## - EDITION STATEMENT | |
| Edition statement | 40th anniversary ed. |
| 260 ## - PUBLICATION, DISTRIBUTION, ETC. (IMPRINT) | |
| Place of publication, distribution, etc | Culver City, Calif. : |
| Name of publisher, distributor, etc | Sony Pictures Home Entertainment, |
| Date of publication, distribution, etc | c2008. |
| 300 ## - PHYSICAL DESCRIPTION | |
| Extent | 2 videodiscs (ca. 107 min.) : |
| Other physical details | sd., col. ; |
| Dimensions | 4 3/4 in. |
| 490 1# - SERIES STATEMENT | |
| Series statement | Stanley Kramer film collection |
| 538 ## - SYSTEM DETAILS NOTE | |
| System details note | DVD ; Region 1 ; anamorphic widescreen (1.85:1) presentation ; Dolby Digital 3.0, remastered in High Definition. |
| 546 ## - LANGUAGE NOTE | |
| Language note | In English, dubbed French or dubbed Spanish, with English, French or Spanish subtitles ; Closed-captioned. |
| 511 1# - PARTICIPANT OR PERFORMER NOTE | |
| Participant or performer note | Spencer Tracy, Sidney Poitier, Katharine Hepburn, Cecil Kellaway, Beah Richards, Isabell Sanford, Roy E. Glenn, Sr., Virginia Christine, Barbara Randolph, John Hudkins, Alexandra Hay, D'urville Martin, Skip Martin, Katharine Houghton. |
| 508 ## - CREATION/PRODUCTION CREDITS NOTE | |
| Creation/production credits note | Music, DeVol ; director of photography, Sam Leavitt ; production design by Robert Clatworthy ; costumes, Joe King ; film editor, Robert C. Jones ; set decorator, Frank Tuttle. |
| 500 ## - GENERAL NOTE | |
| General note | DVD release of the 1967 motion picture. |
| 521 8# - TARGET AUDIENCE NOTE | |
| Target audience note | Not Rated. |
| 520 ## - SUMMARY, ETC. | |
| Summary, etc | Crusading newspaper publisher Matt Drayton's liberal principles are put to the test when his daughter, Joey, announces her engagement to John Prentice, an internationally renowned African-American physician. While Matt's wife, Christina, readily accepts Joey's decision, Matt intends to withhold his consent, forgetting that when it comes to matters of the heart, true love is colorblind. |
| 500 ## - GENERAL NOTE | |
| General note | Special features: Disc 1: Introduction by Steven Spielberg; Introduction by Tom Brokaw; A message from Quincy Jones; Introduction to the film by Karen Kramer. Disc 2: "A love story of today" featurette; "A special kind of love" featurette; Stanley Kramer: a man's search for truth; Stanley Kramer accepts the Irving Thalberg Award; 2007 Producers Guild "Stanley Kramer" Award presentation to Al Gore; Photo gallery. |
| 505 0# - FORMATTED CONTENTS NOTE | |
| Formatted contents note | Disc one: Feature film -- Disc two: Special features. |
| 586 ## - AWARDS NOTE | |
| Awards note | Academy Awards, 1967: Best Actress (Katharine Hepburn) ; Best Original Screenplay (William Rose) |
| 650 #0 - SUBJECT ADDED ENTRY--TOPICAL TERM | |
| Topical term or geographic name as entry element | Interracial marriage |
| Form subdivision | Drama. |
| 9 (RLIN) | 5791533 |
| 650 #0 - SUBJECT ADDED ENTRY--TOPICAL TERM | |
| Topical term or geographic name as entry element | Racism |
| Form subdivision | Drama. |
| 9 (RLIN) | 5764098 |
| 650 #0 - SUBJECT ADDED ENTRY--TOPICAL TERM | |
| Topical term or geographic name as entry element | Parent and adult child |
| Form subdivision | Drama. |
| 9 (RLIN) | 5804339 |
| 650 #0 - SUBJECT ADDED ENTRY--TOPICAL TERM | |
| Topical term or geographic name as entry element | Parental acceptance |
| Form subdivision | Drama. |
| 9 (RLIN) | 5892794 |
| 650 #0 - SUBJECT ADDED ENTRY--TOPICAL TERM | |
| Topical term or geographic name as entry element | Families |
| Form subdivision | Drama. |
| 9 (RLIN) | 5675607 |
| 650 #7 - SUBJECT ADDED ENTRY--TOPICAL TERM | |
| Topical term or geographic name as entry element | Matrimonio interracial |
| Form subdivision | Teatro. |
| Source of heading or term | bidex |
| 9 (RLIN) | 5892795 |
| 650 #7 - SUBJECT ADDED ENTRY--TOPICAL TERM | |
| Topical term or geographic name as entry element | Racismo |
| Form subdivision | Teatro. |
| Source of heading or term | bidex |
| 9 (RLIN) | 5892796 |
| 650 #7 - SUBJECT ADDED ENTRY--TOPICAL TERM | |
| Topical term or geographic name as entry element | Padres e hijos |
| Form subdivision | Teatro. |
| Source of heading or term | bidex |
| 9 (RLIN) | 5892797 |
| 650 #8 - SUBJECT ADDED ENTRY--TOPICAL TERM | |
| Topical term or geographic name as entry element | Interracial marriage |
| Form subdivision | Drama. |
| 9 (RLIN) | 5791533 |
| 650 #8 - SUBJECT ADDED ENTRY--TOPICAL TERM | |
| Topical term or geographic name as entry element | Betrothal |
| Form subdivision | Drama. |
| 9 (RLIN) | 5778363 |
| 650 #8 - SUBJECT ADDED ENTRY--TOPICAL TERM | |
| Topical term or geographic name as entry element | Racism |
| Form subdivision | Drama. |
| 9 (RLIN) | 5764098 |
| 650 #8 - SUBJECT ADDED ENTRY--TOPICAL TERM | |
| Topical term or geographic name as entry element | Parent-child relationship |
| Form subdivision | Drama. |
| 9 (RLIN) | 5892798 |
| 650 #8 - SUBJECT ADDED ENTRY--TOPICAL TERM | |
| Topical term or geographic name as entry element | Parental acceptance |
| Form subdivision | Drama. |
| 9 (RLIN) | 5892794 |
| 650 #8 - SUBJECT ADDED ENTRY--TOPICAL TERM | |
| Topical term or geographic name as entry element | Family life |
| Form subdivision | Drama. |
| 9 (RLIN) | 5692658 |
| 650 #4 - SUBJECT ADDED ENTRY--TOPICAL TERM | |
| Topical term or geographic name as entry element | DVD-Video discs. |
| 9 (RLIN) | 99069 |
| 650 #4 - SUBJECT ADDED ENTRY--TOPICAL TERM | |
| Topical term or geographic name as entry element | Feature films. |
| 9 (RLIN) | 5892799 |
| 650 #4 - SUBJECT ADDED ENTRY--TOPICAL TERM | |
| Topical term or geographic name as entry element | RACISM |
| General subdivision | UNITED STATES |
| -- | DRAMA. |
| 9 (RLIN) | 5892800 |
| 650 #4 - SUBJECT ADDED ENTRY--TOPICAL TERM | |
| Topical term or geographic name as entry element | Video recordings for the hearing impaired. |
| 9 (RLIN) | 5892801 |
| 650 #7 - SUBJECT ADDED ENTRY--TOPICAL TERM | |
| Topical term or geographic name as entry element | Families. |
| Source of heading or term | fast |
| -- | (OCoLC)fst01728849 |
| 9 (RLIN) | 5892802 |
| 650 #7 - SUBJECT ADDED ENTRY--TOPICAL TERM | |
| Topical term or geographic name as entry element | Interracial marriage. |
| Source of heading or term | fast |
| -- | (OCoLC)fst00977484 |
| 9 (RLIN) | 5892803 |
| 650 #7 - SUBJECT ADDED ENTRY--TOPICAL TERM | |
| Topical term or geographic name as entry element | Parent and adult child. |
| Source of heading or term | fast |
| -- | (OCoLC)fst01053304 |
| 9 (RLIN) | 96204 |
| 650 #7 - SUBJECT ADDED ENTRY--TOPICAL TERM | |
| Topical term or geographic name as entry element | Parental acceptance. |
| Source of heading or term | fast |
| -- | (OCoLC)fst01053359 |
| 9 (RLIN) | 5892804 |
| 650 #7 - SUBJECT ADDED ENTRY--TOPICAL TERM | |
| Topical term or geographic name as entry element | Racism. |
| Source of heading or term | fast |
| -- | (OCoLC)fst01086616 |
| 9 (RLIN) | 5892805 |
| 655 #7 - INDEX TERM--GENRE/FORM | |
| Genre/form data or focus term | Feature films. |
| Source of term | gsafd |
| 9 (RLIN) | 5892806 |
| 655 #7 - INDEX TERM--GENRE/FORM | |
| Genre/form data or focus term | Melodrama. |
| Source of term | gsafd |
| 9 (RLIN) | 5892807 |
| 655 #7 - INDEX TERM--GENRE/FORM | |
| Genre/form data or focus term | Melodrama |
| Form subdivision | Feature. |
| Source of term | migfg |
| 9 (RLIN) | 5675363 |
| 655 #7 - INDEX TERM--GENRE/FORM | |
| Genre/form data or focus term | Romance |
| Form subdivision | Feature. |
| Source of term | migfg |
| 9 (RLIN) | 5714821 |
| 655 #7 - INDEX TERM--GENRE/FORM | |
| Genre/form data or focus term | Drama. |
| Source of term | fast |
| -- | (OCoLC)fst01423879 |
| 9 (RLIN) | 5673873 |
| 655 #7 - INDEX TERM--GENRE/FORM | |
| Genre/form data or focus term | Feature films. |
| Source of term | lcgft |
| 9 (RLIN) | 5892806 |
| 700 1# - ADDED ENTRY--PERSONAL NAME | |
| Personal name | Kramer, Stanley. |
| Relator code | pro |
| -- | drt |
| 9 (RLIN) | 30908 |
| 700 1# - ADDED ENTRY--PERSONAL NAME | |
| Personal name | Rose, William, |
| Dates associated with a name | 1914-1987. |
| Relator code | aus |
| 9 (RLIN) | 5892808 |
| 700 1# - ADDED ENTRY--PERSONAL NAME | |
| Personal name | DeVol, Frank. |
| Relator code | cmp |
| 9 (RLIN) | 36339 |
| 700 1# - ADDED ENTRY--PERSONAL NAME | |
| Personal name | Leavitt, Samuel, |
| Dates associated with a name | 1904-1984. |
| Relator code | cng |
| 9 (RLIN) | 5892809 |
| 700 1# - ADDED ENTRY--PERSONAL NAME | |
| Personal name | Clatworthy, Robert. |
| Relator code | dsr |
| 9 (RLIN) | 5892810 |
| 700 1# - ADDED ENTRY--PERSONAL NAME | |
| Personal name | King, Joe, |
| Dates associated with a name | 1908-2002. |
| Relator code | cst |
| 9 (RLIN) | 5877890 |
| 700 1# - ADDED ENTRY--PERSONAL NAME | |
| Personal name | Jones, Robert C., |
| Dates associated with a name | 1937- |
| Relator code | flm |
| 9 (RLIN) | 5892811 |
| 700 1# - ADDED ENTRY--PERSONAL NAME | |
| Personal name | Tuttle, Frank. |
| Relator code | std |
| 9 (RLIN) | 5892812 |
| 700 1# - ADDED ENTRY--PERSONAL NAME | |
| Personal name | Tracy, Spencer, |
| Dates associated with a name | 1900-1967. |
| Relator code | act |
| 9 (RLIN) | 2075 |
| 700 1# - ADDED ENTRY--PERSONAL NAME | |
| Personal name | Poitier, Sidney. |
| Relator code | act |
| 9 (RLIN) | 5892813 |
| 700 1# - ADDED ENTRY--PERSONAL NAME | |
| Personal name | Hepburn, Katharine, |
| Dates associated with a name | 1907-2003. |
| Relator code | act |
| 9 (RLIN) | 3334 |
| 700 1# - ADDED ENTRY--PERSONAL NAME | |
| Personal name | Kellaway, Cecil, |
| Dates associated with a name | 1891-1973. |
| Relator code | act |
| 9 (RLIN) | 23369 |
| 700 1# - ADDED ENTRY--PERSONAL NAME | |
| Personal name | Richards, Beah E. |
| Relator code | act |
| 9 (RLIN) | 21518 |
| 700 1# - ADDED ENTRY--PERSONAL NAME | |
| Personal name | Sanford, Isabel, |
| Dates associated with a name | 1917-2004. |
| Relator code | act |
| 9 (RLIN) | 35351 |
| 700 1# - ADDED ENTRY--PERSONAL NAME | |
| Personal name | Glenn, Roy, |
| Dates associated with a name | 1915-1971. |
| Relator code | act |
| 9 (RLIN) | 5892814 |
| 700 1# - ADDED ENTRY--PERSONAL NAME | |
| Personal name | Christine, Virginia, |
| Dates associated with a name | 1920-1996. |
| Relator code | act |
| 9 (RLIN) | 5892483 |
| 700 1# - ADDED ENTRY--PERSONAL NAME | |
| Personal name | Randolph, Barbara, |
| Dates associated with a name | 1942-2002. |
| Relator code | act |
| 9 (RLIN) | 5892815 |
| 700 1# - ADDED ENTRY--PERSONAL NAME | |
| Personal name | Hudkins, John. |
| Relator code | act |
| 9 (RLIN) | 5892816 |
| 700 1# - ADDED ENTRY--PERSONAL NAME | |
| Personal name | Hay, Alexandra. |
| Relator code | act |
| 9 (RLIN) | 5892817 |
| 700 1# - ADDED ENTRY--PERSONAL NAME | |
| Personal name | Martin, D'Urville, |
| Dates associated with a name | 1939-1984. |
| Relator code | act |
| 9 (RLIN) | 5892818 |
| 700 1# - ADDED ENTRY--PERSONAL NAME | |
| Personal name | Martin, Skip. |
| Relator code | act |
| 9 (RLIN) | 5892819 |
| 700 1# - ADDED ENTRY--PERSONAL NAME | |
| Personal name | Houghton, Katharine. |
| 9 (RLIN) | 60327 |
| 710 2# - ADDED ENTRY--CORPORATE NAME | |
| Corporate name or jurisdiction name as entry element | Columbia Pictures. |
| 9 (RLIN) | 23896 |
| 710 2# - ADDED ENTRY--CORPORATE NAME | |
| Corporate name or jurisdiction name as entry element | Sony Pictures Home Entertainment (Firm) |
| 9 (RLIN) | 71947 |
| 830 #0 - SERIES ADDED ENTRY--UNIFORM TITLE | |
| Uniform title | Stanley Kramer film collection. |
| 9 (RLIN) | 5892820 |
| 938 ## - | |
| -- | Baker and Taylor |
| -- | BTCP |
| -- | BEDDCO 21100 |
| 938 ## - | |
| -- | YBP Library Services |
| -- | YANK |
| -- | 2832582 |
| 938 ## - | |
| -- | Brodart |
| -- | BROD |
| -- | 08905495 |
| -- | $19.94 |
| 942 ## - ADDED ENTRY ELEMENTS (KOHA) | |
| Koha item type | DVD |
| 948 ## - LOCAL PROCESSING INFORMATION (OCLC); SERIES PART DESIGNATOR (RLIN) | |
| Series part designator, SPT (RLIN) | 11/10/2014 |
| z (OCLC) | Sirsi |
| 994 ## - | |
| -- | 02 |
| -- | WACOL |
| 996 ## - | |
| -- | 113658 |
| -- | 34301001394867 |
| -- | DVD |
| -- | DVD |
| -- | wcl |
| -- | i |
| -- | 11 |
| -- | 10.29 |
| -- | .CIRCNOTE. 2 discs |
| -- | amazon |
| -- | Gue |
| -- | 11/10/2014 |
| -- | 03/16/2018 |
| -- | 03/10/2018 |
| Withdrawn status | Lost status | Source of classification or shelving scheme | Materials specified (bound volume or other part) | Damaged status | Not for loan | Collection code | Home library | Current library | Shelving location | Date acquired | Source of acquisition | Cost, normal purchase price | Total Checkouts | Total Renewals | Full call number | Barcode | Date last seen | Date checked out | Cost, replacement price | Price effective from | Koha item type |
|---|---|---|---|---|---|---|---|---|---|---|---|---|---|---|---|---|---|---|---|---|---|
| Dewey Decimal Classification | .CIRCNOTE. 2 discs | Movies | Wasatch County Library | Wasatch County Library | Audio Visual Area | 11/10/2014 | Amazon | 10.29 | 16 | 5 | DVD Gue | 34301001394867 | 02/18/2025 | 02/15/2025 | 10.29 | 03/20/2020 | DVD |
